Bitwa populacji - Nagła śmierć - Statystyki

Ogólne statystyki
  • Ten quiz został rozwiązany 101 razy
  • Średni wynik to 6 z 10
Answers on the Grid
Answers color-coded by a green-red scale on the quiz's grid according to % correct below.
Kanada
Mekysk
USA (Stany Zjednoczone)
Indonezja
Tajlandia
Wietnam
Kolumbia
Etiopia
Malezja
Polska
Hiszpania
Turcja
Algieria
Grecja
Tajwan
Argentyna
Kambodża
Szwecja
Belgia
Haiti
Arabia Saudyjska
Austria
Cypr
Jamajka
Albania
Bahamy
Nowa Zelandia
Timor Wschodni
Grenada
Islandia
 
Statystyki odpowiedzi
Odpowiedź % Poprawnych
351 m USA (Stany Zjednoczone)
97%
286 m Indonezja
86%
88 m Turcja
75%
135 m Etiopia
65%
47 m Algieria
55%
34.5 m Arabia Saudyjska
42%
9.1 m Austria
42%
46 m Argentyna
41%
5.3 m Nowa Zelandia
35%
1.42 m Timor Wschodni
23%
Nie znaleziono quizów pasujących do podanych kryteriów
Rozkład punktacji
Procent ludzi z każdym wynikiem
Percentyl według liczby udzielonych odpowiedzi
Twoja historia wyników
Nie rozwiązałeś tego quizu